| 000 | 03104cam a2200277 a 4500 | ||
|---|---|---|---|
| 001 | 14123743 | ||
| 005 | 20221227103456.0 | ||
| 008 | 050928s2006 nyu b 001 0 eng | ||
| 010 | _a 2005043460 | ||
| 020 | _a0670034576 | ||
| 040 |
_aDLC _cDLC _dDLC |
||
| 050 | 0 | 0 |
_aBJ1581.2 _b.G694 2005 |
| 082 | 0 | 0 |
_a355.GRE _222 |
| 100 | 1 |
_aGreene, Robert. _989094 |
|
| 245 | 1 | 4 |
_aThe 33 strategies of war / _cRobert Greene. |
| 246 | 3 | _aThirty-three strategies of war | |
| 260 |
_aNew York : _bViking, _c2006. |
||
| 300 |
_axxii, 471 p. ; _c25 cm. |
||
| 505 | _aPart I: Self-Directed Warfare, 1: Declare War On Your Enemies: Polarity (Page-3), Do Not Fight The Last War: Guerilla-War-Of-The-Mind (Page-15), Amidst The Turmoil Of Events, Do Not Lose Your Presence Of Mind: Counterbalance (Page-27), Create A Sense Of Urgency And Desperation: Death-Ground (Page-41), Organizational Warfare, Avoid The Snares Of Groupthink: Command-And-Control (Page-55), Segment Your Forces: Controlled-Chaos (Page-69), Transform Your War Into A Crusade: Morale (Page-79), Defensive Warfare, Pick Your Battles Carefully: Perfect-Economy (Page-97), Turn The Tables: Counterattack (Page-109), Create A Threatening Presence: Deterrence (Page-123), Trade Space For Time: No Engagement (Page-137), Part Iv: Offensive Rfare , Lose Battles, But Win The War: Grand Strategy (Page-147), Know Your Enemy: Intelligence (Page-165), Overwhelm Resistance With Speed And Suddenness: Blitzkrieg (Page-179), Control The Dynamic: Forcing (Page-187), Hit Them Where It Hurts: Center-Of-Gravity (Page-203), Defeat Them In Detail: Divide And Conquer (Page-213), Expose And Attack Your Opponent's Soft Flank: Turning (Page-229), Envelop The Enemy: Annihilation (Page-243), Maneuver Them Into Weakness: Ripening For The Sickle (Page-253), Negotiate While Advancing: Diplomatic War (Page-271), Know How To End Things: Exit Strategy (Page-283), Part V: Unconventional Warfare, Weave A Seamless Blend Of Fact And Fiction: Misperception (Page-299), Take The Line Of Least Expectation: Ordinary-Extraordinary (Page-313), Occupy The Moral High Ground: Righteousness (Page-331), Deny Them Targets: The Void (Page-343), Seem To Work For The Interests Of Others While Furthering Your Own: Alliance (Page-355), Give Your Rivals Enough Rope To Hang Themselves: One-Upmanship (Page-369), Take Small Bites: Fait Accompli (Page-383), Penetrate Their Minds: Communication (Page-393), Destroy From Within: The Inner Front (Page-407), Dominate While Seeming To Submit: Passive-Aggression (Page-419), Sow Uncertainty And Panic Through Acts Of Terror: Chain Reaction (Page-435). | ||
| 650 | 0 | _aConduct of life. | |
| 856 | 4 | 2 |
_3Contributor biographical information _uhttp://www.loc.gov/catdir/enhancements/fy0719/2005043460-b.html |
| 856 | 4 | 2 |
_3Publisher description _uhttp://www.loc.gov/catdir/enhancements/fy0719/2005043460-d.html |
| 906 |
_a7 _bcbc _corignew _d1 _eocip _f20 _gy-gencatlg |
||
| 942 |
_2ddc _cBK _k355.GRE |
||
| 999 |
_c592809 _d592809 |
||